Stratégie environmentálneho manažmentu pre udržateľný rozvoj podnikov: Integrácia softvérových riešení pre efektívne rozhodovanie bakalárska práca

Saved in:
Bibliographic Details
Main Author: Čavajda, Tomáš
Corporate Author: Fakulta hospodárskej informatiky EU. Katedra operačného výskumu a ekonometrie
Other Authors: Dudek, Daniel, 1999-
Format: Book
Language:Slovak
Published: Bratislava 2025
Tags: Add Tag
No Tags, Be the first to tag this record!

MARC

LEADER 00000nbm a2200000 4500
001 0312301
005 20251125101514.3
041 0 |a slo 
044 |a SK 
245 1 0 |a Stratégie environmentálneho manažmentu pre udržateľný rozvoj podnikov: Integrácia softvérových riešení pre efektívne rozhodovanie  |b bakalárska práca  |c Tomáš Čavajda ; školiteľ: Daniel Dudek 
264 1 |a Bratislava  |c 2025 
300 |a 71 s. 
100 1 |a Čavajda, Tomáš 
700 1 |a Dudek, Daniel, 1999- 
710 2 |a Fakulta hospodárskej informatiky EU. Katedra operačného výskumu a ekonometrie